1600 1327 1956 1411 1964 1230 1079 1931 1216 1815 1283 1682 1966 1626 1931 1158 1030 1954 1367 1498 1644 1030 1152 1916 1429 1774 1878 1480 1837 1153 1845 1298 1798 1862 1617 1497 1088 1983 1488 1609 1630 1631 1839 1349 1216 1444 1814 1937 1995 1777 1157 1872 1801 1486 1753 1205 1478 1890 1947 1994 1742 1224 1179 1167 1959 1785 1217 1362 1510 1305 1944 1646 1347 1739 1775 1456 1168 1071 1841 1521 1182 1915 1961 1417 1124 1733 1233 1489 1914 1874 1960 1204 1010 1476 1515 1650 1301 1097 1842 BCNSPRNW ULIB Ver.6.0+V

เปลี่ยนเป็นภาษาไทย

Change to English
 แสดงรายละเอียดบรรณานุกรม
  กลับหน้าหลัก

Brief Record : Get Marc (ISO 2709) : E-mail record : QR code < ปิดหน้าต่าง
LEADER : 00000nam 2200000uu 4500
001    13399127523
003     ULIB
008    210113s||||||||th 000 0 tha d
020    ^a9786165681216
040    ^anss
060 04 ^aWY160^bก492
100 0  ^aผกาพันธุ์ วุฒิลักษณ์
245 10 ^aการพยาบาลผู้ป่วยโรคจิตเภท: บทบาทและกระบวนการ /^cผกาพันธุ์ วุฒิลักษณ์
250    ^aพิมพ์ครั้งที่ 3
260    ^aเชียงใหม่ :^bดีไซน์ปริ้นท์ มีเดีย,^c2563
300    ^aจ, 126 หน้า ;^c25 ซม.
650  4 ^aการพยาบาลจิตเวชศาสตร์
650  4 ^aจิตเภท
710 2  ^aมหาวิทยาลัยเชียงใหม่.^bคณะพยาบาลศาสตร์
945    ^p250^l0^i28421
945    ^p250^l0^i28422
945    ^p250^l0^i28423
945    ^p250^l0^i28424
945    ^p250^l0^i28425
995    ^aกัณชพร จุลอักษร
999    ^aกัณชพร
รายการนี้ยังไม่มีแท็ก
คุณยังไม่ได้ล็อกอิน คุณสามารถมีกิจกรรมร่วมกับเว็บไซต์ได้ แต่ต้องล็อกอินก่อน ::
  ล็อกอิน

รายการสื่อสารสนเทศ

ลำดับที่ ประเภท เลขเรียก/บาร์โค้ด สถานที่ สถานะ
1. หนังสือสำรอง
หนังสือสำรอง
WY160 ก492 ฉ.1 
  Barcode: 28421
ห้องสมุดวิทยาเขตนครสวรรค์
►หนังสือทั่วไป:l:General Books
บนชั้น
2. วิทยาศาสตร์การแพทย์ และสุขภาพ
วิทยาศาสตร์การแพทย์ และสุขภาพ
WY160 ก492 ฉ.2 
  Barcode: 28422
ห้องสมุดวิทยาเขตนครสวรรค์
►หนังสือทั่วไป:l:General Books
บนชั้น
3. วิทยาศาสตร์การแพทย์ และสุขภาพ
วิทยาศาสตร์การแพทย์ และสุขภาพ
WY160 ก492 ฉ.3 
  Barcode: 28423
ห้องสมุดวิทยาเขตนครสวรรค์
►หนังสือทั่วไป:l:General Books
บนชั้น
4. วิทยาศาสตร์การแพทย์ และสุขภาพ
วิทยาศาสตร์การแพทย์ และสุขภาพ
WY160 ก492 ฉ.4 
  Barcode: 28424
ห้องสมุดวิทยาเขตนครสวรรค์
►หนังสือทั่วไป:l:General Books
บนชั้น
5. วิทยาศาสตร์การแพทย์ และสุขภาพ
วิทยาศาสตร์การแพทย์ และสุขภาพ
WY160 ก492 ฉ.5 
  Barcode: 28425
ห้องสมุดวิทยาเขตนครสวรรค์
►หนังสือทั่วไป:l:General Books
บนชั้น

รายการใกล้เคียง
    ผู้แต่ง [ผกาพันธุ์ วุฒิลักษณ์]

    หัวเรื่อง [การพยาบาลจิตเวชศาสตร์]
    หัวเรื่อง [จิตเภท]

BibComment


ยังไม่เคยถูกคอมเมนท์

คอมเมนท์ทรัพยากรรายการนี้
  คอมเมนท์: การพยาบาลผู้ป่วย..


 Copyright 2026. Bcnsprnw @Library